Αγγελική
Αποθηκεύτηκε σε:
| Κύριος συγγραφέας: | |
|---|---|
| Άλλοι συγγραφείς: | |
| Μορφή: | Βιβλίο |
| Γλώσσα: | Greek French |
| Δημοσίευση: |
Αθήνα :
Ωκεανίδα,
2009.
|
| Θέματα: | |
| Ετικέτες: |
Προσθήκη ετικέτας
Δεν υπάρχουν, Καταχωρήστε ετικέτα πρώτοι!
|
MARC
| LEADER | 00000cam a2200000 a 4500 | ||
|---|---|---|---|
| 001 | 1/107923 | ||
| 008 | 150812r20092008gr | ||| |||| ||gre|| | ||
| 020 | |a 9789604105687 | ||
| 040 | |a GR-MyUa |b gre |c GR-MyUa |e AACR2 | ||
| 041 | 1 | |a gre |h fre | |
| 082 | 7 | |a 843 |2 (23) | |
| 100 | 1 | |a Golon, Anne. | |
| 245 | 1 | 0 | |a Αγγελική / |c Άνν Γκολον ; μετάφραση Έφη Κορομηλά. |
| 260 | |a Αθήνα : |b Ωκεανίδα, |c 2009. | ||
| 300 | |a 401 σ. ; |c 21 εκ. | ||
| 500 | |a Τίτλος πρωτοτύπου : Angelique. Marquise des Anges. | ||
| 505 | 8 | |a Τ. 1. Μαρκησία των αγγέλων. | |
| 650 | 0 | |a French fiction |y 20th century. | |
| 700 | 1 | |a Κορομηλά, Έφη. | |
| 740 | 0 | |a Μαρκησία των αγγέλων | |
| 852 | |a INST |b SAMOS |e 20150812 |h 843 GOL |p 005300042504 |q 005300042504 |t BK |v τομ.1: |y 4 |x 20210614 | ||
| 853 | |a INST |b SAMOS |h 843 GOL | ||
| 970 | |a Γουβάλα |b Βάσω |z 12-08-2015 | ||